| 000 | 00606nam a2200217Ia 4500 | ||
|---|---|---|---|
| 005 | 20250508164112.0 | ||
| 008 | 008 250505s9999 xx 000 0 hin d | ||
| 020 | _a81-88570-06-0 | ||
| 037 | _aTextBook | ||
| 040 |
_aFEDL _beng _cFEDL |
||
| 041 |
_ahin _2eng |
||
| 084 |
_a370.954, MIS _qFEDL |
||
| 100 |
_aMaral Gargisharan Mishra _9777331 |
||
| 245 | 0 | _aShiksha ke sumasyain or samadhan | |
| 260 |
_aKanpur, India _bVikas Prakashan _c2003 |
||
| 300 | _axiii, 223p | ||
| 365 |
_aINR _b250 |
||
| 650 | _aEducation - India | ||
| 942 |
_cTB _h370.954, MIS |
||
| 999 |
_c1387070 _d1387070 |
||